000 01122nam a22003377a 4500
001 000104314
003 CHAP
005 20220817044430.0
008 110329s2010 mx r 00010 spa d
010 _a100776
011 _a101748
020 _a978 6071201751
035 _a112436
040 _cCHAP
082 0 0 _a580
_bC57
245 0 0 _aClaves taxonómicas para los cursos de botánica sistemática y biología vegetal /
_c/editado por Lucina Díaz Garduño ...[et. al].
260 _aChapingo, Méx. :
_bUACH. Preparatoria agrícola,
_c2010.
300 _a441 p. :
_bilus.
590 _aBATCH-UPD
_b10
_c20130110
_lUCH01
_h1730
590 _aBATCH-UPD
_b10
_c20130410
_lUCH01
_h1111
590 _aBATCH-UPD
_b10
_c20130914
_lUCH01
_h0635
590 _aCONVERSION
_b10
_c20130109
_lUCH01
_h1356
590 _aE11695DGD
_b10
_c20130913
_lUCH01
_h0905
650 1 4 _aBiología
_xClasificación.
_912778
650 1 4 _aBotánica
_xClasificación.
_914516
700 1 _aDiaz Garduño, Lucina
_eed.
901 _aBK
942 _cLIBRO
942 _n0
949 _a580 C57
_bBC
_cLIBRO
_d33724002235702
_eLIBRO
_h114490
_i112436
_si
999 _c100776
_d100776